Guess 8 chilean footballers by image - Statistics

General Stats
  • This quiz has been taken 169 times
  • The average score is 6 of 8
Answer Stats
Picture Answer % Correct
Alexis Sánchez
99%
Arturo Vidal
99%
Claudio Bravo
89%
Gary Medel
75%
Edu Vargas
63%
Iván Zamorano
55%
Marcelo Salas
43%
Elias Figueroa
33%
No matching quizzes found
Score Distribution
Percent of People with Each Score
Percentile by Number Answered
Your Score History
You have not taken this quiz